LEADER 00984nlm 2200313 450 001 996448445803316 005 20211221113031.0 010 $a9781400844326 100 $a20211020d1996---- uy 0 101 0 $aeng 102 $aUS 135 $adrcnu 200 1 $aColonialism and its forms of knowledge$ethe British in India$fBernard S. Cohn 210 1 $aPrinceton$cPrinceton University Press,$d[1996] 215 $aTesto elettronico (PDF) (XVII, 189 p. ) 225 2 $aPrinceton studies in culture/power/history 230 $aBase dati testuale 410 0$aPrinceton studies in culture/power/history. 410 0$aACLS Humanities E-Book. 607 $aIndia$xColonie inglesi$2BNCF 676 $a954.04 700 1$aCOHN,$bBernard S.$f1928-2003$0302079 801 0$bcba$aIT$bcba$gREICAT 801 1$bcba$aIT$bcba$gREICAT 912 $a996448445803316 959 $aEB 969 $aER 996 $aColonialism and its forms of knowledge$92558329 997 $aUNISA LEADER 01563nam 2200457 450 001 9910157439403321 005 20230808201111.0 010 $a0-486-81333-9 035 $a(CKB)3710000001000635 035 $a(MiAaPQ)EBC4573503 035 $a(EXLCZ)993710000001000635 100 $a20190118h20162001 uy 0 101 0 $aeng 135 $aurcnu|||||||| 181 $ctxt$2rdacontent 182 $cc$2rdamedia 183 $acr$2rdacarrier 200 14$aThe art & craft of handmade books /$fShereen LaPlantz ; illustrations, diagrams, and models by Tracy Aplin ; calligraphy by Carla Tenret 210 1$aMineola, New York :$cDover Publications, Inc.,$d2016. 210 4$dİ2001 215 $a1 online resource (128 pages) $cillustrations 225 1 $aDover craft books 300 $aIncludes index. 300 $a"The Art and Craft of Handmade Books, first published in 2016, is a reprint of the work published by Lark Books (Sterling Publishing), New York, in 2001. It includes a number of changes and corrections suggested by the author." 311 $a0-486-80037-7 410 0$aDover craft books. 606 $aBookbinding 606 $aBook design 615 0$aBookbinding. 615 0$aBook design. 676 $a025.7 700 $aLaPlantz$b Shereen$f1947-2003,$01248378 702 $aAplin$b Tracy 702 $aTenret$b Carla 801 0$bMiAaPQ 801 1$bMiAaPQ 801 2$bMiAaPQ 906 $aBOOK 912 $a9910157439403321 996 $aThe art & craft of handmade books$92893412 997 $aUNINA